Hexagonal image processing : (Record no. 178680)
[ view plain ]
| 000 -LEADER | |
|---|---|
| fixed length control field | 01370 a2200289 4500 |
| 003 - CONTROL NUMBER IDENTIFIER | |
| control field | Nust |
| 005 - DATE AND TIME OF LATEST TRANSACTION | |
| control field | 20220804104230.0 |
| 010 ## - LIBRARY OF CONGRESS CONTROL NUMBER | |
| LC control number | 2005923261 |
| 020 ## - INTERNATIONAL STANDARD BOOK NUMBER | |
| International Standard Book Number | 1852339144 (hbk.) |
| 020 ## - INTERNATIONAL STANDARD BOOK NUMBER | |
| International Standard Book Number | 9781852339142 |
| 035 ## - SYSTEM CONTROL NUMBER | |
| System control number | (CStRLIN)NYUGB13216133-B |
| 035 ## - SYSTEM CONTROL NUMBER | |
| System control number | (NNU)NYUb13216133 |
| 035 ## - SYSTEM CONTROL NUMBER | |
| System control number | (OCoLC)ocm57484393 |
| 040 ## - CATALOGING SOURCE | |
| Transcribing agency | Nust |
| 082 00 - DEWEY DECIMAL CLASSIFICATION NUMBER | |
| Classification number | 621.367,MID |
| 100 1# - MAIN ENTRY--PERSONAL NAME | |
| Personal name | Middleton, Lee, |
| 9 (RLIN) | 96504 |
| 245 10 - TITLE STATEMENT | |
| Title | Hexagonal image processing : |
| Remainder of title | a practical approach / |
| Statement of responsibility, etc. | Lee Middleton and Jayanthi Sivaswamy. |
| 260 ## - PUBLICATION, DISTRIBUTION, ETC. | |
| Place of publication, distribution, etc. | London : |
| Name of publisher, distributor, etc. | Springer, |
| Date of publication, distribution, etc. | c2005. |
| 300 ## - PHYSICAL DESCRIPTION | |
| Extent | xiii, 254 p. : |
| Other physical details | ill. ; |
| Dimensions | 25 cm. + |
| Accompanying material | 1 CD-ROM (4 3/4 in.). |
| 440 #0 - SERIES STATEMENT/ADDED ENTRY--TITLE | |
| Title | Advances in pattern recognition, |
| 9 (RLIN) | 96505 |
| 505 ## - FORMATTED CONTENTS NOTE | |
| Formatted contents note | Introduction (Page-1), Current Approaches to Vision (Page-5), The Proposed HIP Framework (Page-27), Image Processing within the HIP Framework (Page-71), Applications of the HIP Framework (Page-105), Practical Aspects of Hexagonal Image Processing (Page-127), Processing Images on Square and Hexagonal Grids – A Comparison (Page-151), Mathematical Derivations (Page-201). |
| 650 #0 - SUBJECT ADDED ENTRY--TOPICAL TERM | |
| Topical term or geographic name entry element | Telecommunication Engineering. |
| 700 1# - ADDED ENTRY--PERSONAL NAME | |
| Personal name | Sivaswamy, Jayanthi. |
| 9 (RLIN) | 96506 |
| 856 41 - ELECTRONIC LOCATION AND ACCESS | |
| Materials specified | Publisher description |
| Uniform Resource Identifier | <a href="http://www.loc.gov/catdir/enhancements/fy0662/2005923261-d.html">http://www.loc.gov/catdir/enhancements/fy0662/2005923261-d.html</a> |
| 856 41 - ELECTRONIC LOCATION AND ACCESS | |
| Materials specified | Table of contents |
| Uniform Resource Identifier | <a href="http://www.loc.gov/catdir/toc/fy0606/2005923261.html">http://www.loc.gov/catdir/toc/fy0606/2005923261.html</a> |
| 942 ## - ADDED ENTRY ELEMENTS (KOHA) | |
| Koha item type | Reference |
| Source of classification or shelving scheme | |
| Withdrawn status | Lost status | Source of classification or shelving scheme | Damaged status | Not for loan | Permanent Location | Current Location | Shelving location | Date acquired | Full call number | Barcode | Date last seen | Price effective from | Koha item type | Public note |
|---|---|---|---|---|---|---|---|---|---|---|---|---|---|---|
| Military College of Signals (MCS) | Military College of Signals (MCS) | Reference | 12/12/2016 | 621.367,MID | MCS32490 | 12/08/2016 | 12/12/2016 | Reference | Almirah No.20, Shelf No.5 |
